[Event "Druzynowe Mistrzostwa Polski Juniorow - Ekstraliga"]
[Site "Osrodek Wczasowo - Szkoleniowy "Relax" ul. Stroma 20, 43-450 Ustron"]
[Date "2011-06-28"]
[Round "5.1"]
[White "Strzemiecki, Zbigniew"]
[Black "Swiercz, Dariusz"]
[Result "0-1"]
[WhiteTitle "FM"]
[BlackTitle "GM"]
[WhiteElo "2422"]
[BlackElo "2553"]

1. e4 c5 2. Nf3 e6 3. d4 cxd4 4. Nxd4 a6 5. Bd3 Qb6 6. Nb3 d6 7. Be3 Qc7 8. c4
Nf6 9. Nc3 Be7 10. O-O O-O 11. f3 b6 12. Qd2 Bb7 13. Rfc1 Nbd7 14. Qf2 Rac8 15.
Bf1 Bd8 16. a4 Qb8 17. a5 bxa5 18. Nxa5 Ba8 19. Rcb1 Ne5 20. Ba7 Qc7 21. Bd4 Nfd7
22. b4 Bf6 23. Ra3 Rb8 24. Ba7 Rbd8 25. Bd4 Rb8 26. Kh1 Nb6 27. c5 Nbd7 28. Bxa6
dxc5 29. bxc5 Rxb1+ 30. Nxb1 Rd8 31. Nd2 Ng4 32. fxg4 Bxd4 33. Qxd4 Nxc5 34. Qe3
Nxa6 35. Nac4 Nc5 36. e5 Qc6 37. Qg1 Ne4 38. h3 Nxd2 0-1

[Event "Druzynowe Mistrzostwa Polski Juniorow - Ekstraliga"]
[Site "Osrodek Wczasowo - Szkoleniowy "Relax" ul. Stroma 20, 43-450 Ustron"]
[Date "2011-06-28"]
[Round "5.2"]
[White "Wieczorek, Oskar"]
[Black "Krzyzanowski, Marcin"]
[Result "0-1"]
[WhiteTitle "m"]
[BlackTitle "m"]
[WhiteElo "2383"]
[BlackElo "2370"]

1. e4 e5 2. Nf3 Nc6 3. Bb5 Nf6 4. O-O Nxe4 5. d4 Nd6 6. dxe5 Nxb5 7. a4 d6 8. e6
fxe6 9. axb5 Nb4 10. Re1 Be7 11. Ra4 Nd5 12. Rg4 O-O 13. Ng5 Bxg5 14. Bxg5 Nf6
15. Nc3 Qe8 16. Rg3 Kh8 17. Qd3 e5 18. Nd5 Nxd5 19. Qxd5 Rb8 20. Qc4 Rf7 21. Qa2
Bd7 22. c4 Be6 23. b3 Ra8 24. Qd2 b6 25. Qc3 a6 26. bxa6 Rxa6 27. Rge3 Ra2 28.
R3e2 Rxe2 29. Rxe2 Rf8 30. Be3 Qg6 31. Kf1 Bf5 32. Rd2 Be4 33. f3 Bc6 34. Kf2
Qg4 35. Ke1 0-1

[Event "Druzynowe Mistrzostwa Polski Juniorow - Ekstraliga"]
[Site "Osrodek Wczasowo - Szkoleniowy "Relax" ul. Stroma 20, 43-450 Ustron"]
[Date "2011-06-28"]
[Round "5.3"]
[White "Jarmula, Lukasz"]
[Black "Khamidov, Komil"]
[Result "0-1"]
[WhiteTitle "I+"]
[BlackTitle "I"]
[WhiteElo "1871"]
[BlackElo "2040"]

1. e4 e5 2. Nf3 Nc6 3. Bb5 a6 4. Ba4 Nf6 5. O-O b5 6. Bb3 Bb7 7. Re1 Be7 8. c3
O-O 9. d4 d6 10. Nbd2 Re8 11. Ng5 Rf8 12. Ngf3 h6 13. Nf1 Re8 14. Ng3 Bf8 15.
a4 Qd7 16. Bc2 Na5 17. Bd3 c5 18. d5 c4 19. Bc2 Reb8 20. h3 Bc8 21. Be3 Qc7 22.
Ra2 Rb7 23. axb5 Rxb5 24. Ba4 Rb7 25. Nd2 Bd7 26. Bc2 Be7 27. Qa1 Bd8 28. f4 Ne8
29. Nf3 Bb5 30. fxe5 dxe5 31. Nf5 Nb3 32. Qd1 f6 33. N3h4 Kh7 34. Qg4 g5 35. Qh5
gxh4 36. Bxh6 Kg8 37. Qxh4 Qh7 38. Kh2 Bd7 39. Qh5 Bb6 40. Rf1 Bxf5 41. exf5 Ng7
42. Qh4 Be3 43. Qxc4 Nd2 44. Qc6 Nxf1+ 45. Kh1 Rab8 46. Bxe3 Nxe3 47. d6 Nxc2
48. d7 Qxf5 49. Qd5+ Kh7 50. Ra4 Rxd7 51. Rh4+ Kg6 0-1

[Event "Druzynowe Mistrzostwa Polski Juniorow - Ekstraliga"]
[Site "Osrodek Wczasowo - Szkoleniowy "Relax" ul. Stroma 20, 43-450 Ustron"]
[Date "2011-06-28"]
[Round "5.4"]
[White "Kulas, Szymon"]
[Black "Maciejewski, Andrzej"]
[Result "1-0"]
[WhiteTitle "I"]
[BlackTitle "I"]
[WhiteElo "1945"]
[BlackElo "1747"]

1. d4 c5 2. d5 d6 3. e4 e6 4. Nc3 exd5 5. Nxd5 Nf6 6. Nf3 Bg4 7. h3 Bh5 8. Nf4
Bxf3 9. Qxf3 Nc6 10. Bd2 Be7 11. Bc3 a6 12. O-O-O Qc7 13. Bc4 Rc8 14. Nd5 Nxd5
15. exd5 Ne5 16. Bxe5 dxe5 17. d6 Bg5+ 18. Kb1 Qd7 19. Bxf7+ Kd8 20. Bd5 Rb8 21.
Rhe1 Bf6 22. g4 Re8 23. Qe4 g6 24. a4 Bg5 25. Qc4 b6 26. Qe4 Qg7 27. Rd3 Bf4 28.
Qc4 Qf6 29. a5 e4 30. Rxe4 Rxe4 31. Bxe4 Bxd6 32. Qg8+ Ke7 33. Qxh7+ Kf8 34. Rf3
Bf4 35. Qh6+ Bxh6 36. Rxf6+ Ke7 37. Rxg6 1-0

[Event "Druzynowe Mistrzostwa Polski Juniorow - Ekstraliga"]
[Site "Osrodek Wczasowo - Szkoleniowy "Relax" ul. Stroma 20, 43-450 Ustron"]
[Date "2011-06-28"]
[Round "5.5"]
[White "Gluszko, Monika"]
[Black "Iwanow, Anna"]
[Result "0-1"]
[WhiteTitle "I++"]
[BlackTitle "WFM"]
[WhiteElo "2040"]
[BlackElo "2162"]

1. e4 c5 2. Nf3 e6 3. d4 cxd4 4. Nxd4 Nf6 5. Nc3 d6 6. Be3 a6 7. a4 b6 8. Bd3 Bb7
9. f4 Nbd7 10. O-O Rc8 11. Qf3 Rxc3 12. bxc3 Nc5 13. Qh3 Nfxe4 14. Nb3 Nxd3 15.
cxd3 Nxc3 16. f5 e5 17. a5 b5 18. Bb6 Qd7 19. Rae1 Be7 20. d4 Nd5 21. dxe5 dxe5
22. Rxe5 Nxb6 23. axb6 O-O 24. Kh1 Bf6 25. Ree1 Qc6 26. Na5 Qxb6 27. Nxb7 Qxb7
28. Qb3 a5 29. Rb1 Rb8 30. Rfe1 h6 31. Re3 Qd7 32. Rf3 b4 33. Rd1 Qc6 34. Rh3
a4 35. Qg3 Rd8 36. Rb1 Qc2 37. Rg1 b3 38. Rxh6 b2 39. Rxf6 b1=Q 0-1

[Event "Druzynowe Mistrzostwa Polski Juniorow - Ekstraliga"]
[Site "Osrodek Wczasowo - Szkoleniowy "Relax" ul. Stroma 20, 43-450 Ustron"]
[Date "2011-06-28"]
[Round "5.6"]
[White "Dadello, Aleksandra"]
[Black "Pastuszko, Kinga"]
[Result "1-0"]
[WhiteTitle "I+"]
[BlackTitle "I++"]
[WhiteElo "1802"]
[BlackElo "1862"]

1. e4 e5 2. Nf3 Nc6 3. Bb5 a6 4. Bxc6 dxc6 5. O-O f6 6. d4 exd4 7. Nxd4 c5 8. Ne2
Qxd1 9. Rxd1 Be6 10. Nbc3 Bd6 11. Bf4 O-O-O 12. Rd2 g5 13. Bg3 Nh6 14. Rad1 Nf7
15. Nd5 Bxd5 16. Rxd5 Rhe8 17. f3 Ne5 18. Bxe5 Bxe5 19. Rxd8+ Rxd8 20. Rxd8+ Kxd8
21. c3 b5 22. g3 Kd7 23. f4 Bd6 24. h3 h5 25. Kf2 g4 26. hxg4 hxg4 27. Ke3 c4
28. Nd4 Bc5 29. e5 f5 30. Ke2 Bxd4 31. cxd4 b4 32. d5 c5 33. dxc6+ Kxc6 34. Ke3
Kd5 35. a3 a5 36. a4 Kc5 37. e6 Kd6 38. Kd4 c3 39. bxc3 bxc3 40. Kxc3 Kxe6 41.
Kc4 Kd6 42. Kd4 1-0

[Event "Druzynowe Mistrzostwa Polski Juniorow - Ekstraliga"]
[Site "Osrodek Wczasowo - Szkoleniowy "Relax" ul. Stroma 20, 43-450 Ustron"]
[Date "2011-06-28"]
[Round "5.7"]
[White "Popiol, Michal"]
[Black "Kanarek, Marcel"]
[Result "0-1"]
[WhiteTitle "II"]
[BlackTitle "IM"]
[WhiteElo "1821"]
[BlackElo "2435"]

1. d4 Nf6 2. c4 g6 3. Nc3 Bg7 4. e4 d6 5. Be2 O-O 6. Bg5 Nbd7 7. Qd2 e5 8. d5 a5
9. f3 Nc5 10. O-O-O Ra6 11. g4 c6 12. Kb1 a4 13. h4 Qa5 14. h5 Bd7 15. Rc1 Nb3
16. Qe3 Nxc1 17. Qxc1 a3 18. b3 cxd5 19. Bxf6 Bxf6 20. Nxd5 Qd8 21. Nh3 Be6 22.
Bd3 Bxd5 23. exd5 e4 24. Bxe4 Qe7 25. Ng1 Qe5 26. Kc2 b5 27. Ne2 bxc4 28. bxc4
Rb8 29. Kd1 Rb2 30. hxg6 hxg6 31. Rh5 gxh5 0-1

[Event "Druzynowe Mistrzostwa Polski Juniorow - Ekstraliga"]
[Site "Osrodek Wczasowo - Szkoleniowy "Relax" ul. Stroma 20, 43-450 Ustron"]
[Date "2011-06-28"]
[Round "5.8"]
[White "Weichhold, Pawel"]
[Black "Tomsia, Kamil"]
[Result "1-0"]
[WhiteTitle "k+"]
[BlackTitle "I+"]
[WhiteElo "2285"]
[BlackElo "2090"]

1. e4 e6 2. d4 d5 3. Nc3 Nf6 4. Bg5 Bb4 5. e5 h6 6. Be3 Ne4 7. Qg4 g6 8. a3 Bxc3+
9. bxc3 Nxc3 10. Bd3 c5 11. dxc5 Nc6 12. Nf3 Qa5 13. O-O Bd7 14. Qh4 Qd8 15. Bg5
Qa5 16. Bf6 Rg8 17. Qxh6 Qxc5 18. Ng5 Qf8 19. Qh4 d4 20. Rab1 Nxb1 21. Rxb1 Qc5
22. Ne4 1-0

[Event "Druzynowe Mistrzostwa Polski Juniorow - Ekstraliga"]
[Site "Osrodek Wczasowo - Szkoleniowy "Relax" ul. Stroma 20, 43-450 Ustron"]
[Date "2011-06-28"]
[Round "5.9"]
[White "Snihur, Piotr"]
[Black "Lebiedowicz, Borys"]
[Result "1/2-1/2"]
[WhiteTitle "I"]
[BlackTitle "II"]
[WhiteElo "1859"]
[BlackElo "1682"]

1. e4 e5 2. Nf3 Nc6 3. Bb5 f5 4. exf5 e4 5. Qe2 Qe7 6. Bxc6 bxc6 7. Nd4 Nf6 8.
Nc3 c5 9. Nb3 a5 10. d3 a4 11. Nd2 exd3 12. Qxe7+ Bxe7 13. cxd3 d5 14. d4 Bxf5
15. Nb5 Kd7 16. Nf3 Bd6 17. Be3 cxd4 18. Nxd6 Kxd6 19. Nxd4 g6 20. Rc1 Kd7 21.
O-O Ra6 22. Bf4 c6 23. Nf3 Rc8 24. Rfe1 c5 25. Ne5+ Kd8 26. Nf7+ Kd7 27. Ne5+
Kd8 28. Nf7+ Kd7 29. Ne5+ 1/2-1/2

[Event "Druzynowe Mistrzostwa Polski Juniorow - Ekstraliga"]
[Site "Osrodek Wczasowo - Szkoleniowy "Relax" ul. Stroma 20, 43-450 Ustron"]
[Date "2011-06-28"]
[Round "5.10"]
[White "Januszkiewicz, Wojciech"]
[Black "Mirski, Michal"]
[Result "0-1"]
[WhiteTitle "II"]
[BlackTitle "II+"]
[WhiteElo "1749"]
[BlackElo "1787"]

1. e4 c5 2. Nf3 d6 3. d4 cxd4 4. Nxd4 Nf6 5. Nc3 Nc6 6. Bg5 h6 7. Bxf6 gxf6 8.
Be2 Qb6 9. Nb3 f5 10. Nd5 Qd8 11. exf5 Bxf5 12. Bd3 Bxd3 13. Qxd3 Bg7 14. O-O-O
e6 15. Nf4 Qf6 16. Ne2 Qxb2+ 17. Kd2 O-O 18. Rb1 Qf6 19. Ke1 Rfd8 20. Kf1 Rac8
21. c3 Ne5 22. Qg3 Nc4 23. Kg1 Kh8 24. Qd3 Ne5 25. Qe3 b6 26. Rd1 d5 27. f4 Nc4
28. Qf3 Nd6 29. g3 Ne4 30. Nbd4 Rc4 31. Kg2 Rdc8 32. Rd3 Qe7 33. Rhd1 Qa3 34.
f5 Ng5 35. Qe3 Qd6 36. fxe6 fxe6 37. Rf1 Kg8 38. Re1 Rf8 39. Red1 Ne4 40. Nf3
Qa3 41. Nfd4 Qxa2 42. Kg1 Re8 43. Qf3 Rc7 44. Qg4 Rce7 45. Rf1 Qc4 46. Re3 Qc8
47. Qg6 Rf8 48. Rxf8+ Qxf8 49. Rf3 Qe8 50. Qg4 a5 51. Nf4 Nf6 52. Qg6 e5 53. Nf5
exf4 54. Nxe7+ Qxe7 55. Rxf4 Qc5+ 56. Kg2 Qxc3 57. Qf5 Qc6 58. Rf2 d4+ 59. Kg1
Qd7 60. Qd3 b5 61. Qb3+ Kh8 62. Rb2 Ne4 63. Qxb5 Qxb5 64. Rxb5 a4 65. Ra5 Nc3
66. Kf1 Bf8 67. Ke1 a3 68. Kd2 a2 69. Kd3 Bg7 70. Ra6 Kg8 71. Ra7 Kf8 72. Kc2
Bf6 73. Ra6 Bg5 74. h4 Be3 75. Kb2 Kg7 76. g4 Kf7 77. Ra5 Kf6 78. Kc2 Bg1 79.
Kb2 Kg6 80. Kc2 Bf2 81. h5+ Kg7 82. Ra6 Be3 83. Ra5 Kf6 84. Kb2 Ke6 85. Kc2 Bf4
86. Kd3 Be3 87. Kc2 Kd6 88. Kb2 Kc6 89. g5 Bxg5 90. Rxg5 hxg5 91. h6 d3 92. h7
d2 93. h8=Q a1=Q+ 94. Kxa1 d1=Q+ 95. Kb2 Qb1+ 96. Ka3 Qa2+ 97. Kb4 Qa4+ 0-1

[Event "Druzynowe Mistrzostwa Polski Juniorow - Ekstraliga"]
[Site "Osrodek Wczasowo - Szkoleniowy "Relax" ul. Stroma 20, 43-450 Ustron"]
[Date "2011-06-28"]
[Round "5.11"]
[White "Mucha, Magdalena"]
[Black "Adamowicz, Katarzyna"]
[Result "0-1"]
[WhiteTitle "WCM"]
[BlackTitle "WFM"]
[WhiteElo "1835"]
[BlackElo "2106"]

1. e4 c5 2. Nf3 e6 3. d4 cxd4 4. Nxd4 a6 5. Bd3 Bc5 6. Nb3 Be7 7. Qg4 g6 8. O-O
d6 9. Qe2 Nc6 10. f4 Qc7 11. Nc3 Nf6 12. Kh1 h5 13. Be3 h4 14. Rae1 b5 15. a4
bxa4 16. Nxa4 Bb7 17. c3 h3 18. g3 d5 19. Kg1 dxe4 20. Bc2 O-O 21. Nac5 a5 22.
Nxb7 Qxb7 23. Rb1 Nd5 24. Nd4 Nxd4 25. Bxd4 f5 26. Rfd1 Bf6 27. Qf1 Bxd4+ 28.
Rxd4 Ne3 29. Qe2 Nxc2 30. Qxc2 Rfd8 31. Rbd1 Rxd4 32. Rxd4 Rb8 33. Rd2 Qb6+ 34.
Kf1 e3 35. Re2 Rd8 36. Qc1 Rd3 37. Qc2 Qc6 0-1

[Event "Druzynowe Mistrzostwa Polski Juniorow - Ekstraliga"]
[Site "Osrodek Wczasowo - Szkoleniowy "Relax" ul. Stroma 20, 43-450 Ustron"]
[Date "2011-06-28"]
[Round "5.13"]
[White "Dowgird, Filip"]
[Black "Dragun, Kamil"]
[Result "1/2-1/2"]
[WhiteTitle "k"]
[BlackTitle "IM"]
[WhiteElo "2110"]
[BlackElo "2420"]

1. Nf3 Nf6 2. g3 g6 3. Bg2 Bg7 4. O-O O-O 5. d3 c5 6. e4 Nc6 7. Nbd2 d6 8. c3 Rb8
9. a4 a6 10. Re1 b5 11. axb5 axb5 12. d4 Nd7 13. Nb3 c4 14. d5 Nce5 15. Nxe5 Nxe5
16. Nd4 Qc7 17. Bf1 Bd7 18. f4 Bg4 19. Qc2 Nf3+ 20. Nxf3 Bxf3 21. Qf2 Bh5 22.
Bh3 f5 23. Qe3 Bg4 24. Bg2 fxe4 25. Qxe4 Rfe8 26. Be3 Bf5 27. Qf3 b4 28. Ra6 Bd7
29. Bd2 bxc3 30. Bxc3 Bxc3 31. bxc3 Qc5+ 32. Qe3 Qxe3+ 33. Rxe3 Rb1+ 34. Kf2 Rb2+
35. Kf3 Bc8 36. Rxd6 Kf8 37. Rc6 Bb7 38. Bh3 Ra8 39. Be6 Bxc6 40. dxc6 Ra7 41.
h4 Rc7 42. Bd7 Rd2 43. Ke4 e6 44. g4 Ke7 45. g5 Ra7 46. h5 Rd3 47. hxg6 Rxe3+
48. Kxe3 hxg6 49. Kd4 Ra5 50. Bc8 Kd6 51. c7 Rd5+ 52. Kxc4 Rc5+ 53. Kd4 Rxc7 54.
Ba6 Rf7 55. Ke4 Rf5 56. Bd3 e5 57. fxe5+ Ke7 58. Bc4 Rxg5 59. Bd5 Rg1 60. Kf3
Rg5 61. Ke4 Rf5 62. c4 Rf8 63. Ke3 g5 64. c5 Rf5 65. Ke4 Rf1 66. c6 Kd8 67. Be6
Kc7 68. Bd7 Re1+ 69. Kf5 1/2-1/2

[Event "Druzynowe Mistrzostwa Polski Juniorow - Ekstraliga"]
[Site "Osrodek Wczasowo - Szkoleniowy "Relax" ul. Stroma 20, 43-450 Ustron"]
[Date "2011-06-28"]
[Round "5.14"]
[White "Siwiec, Arkadiusz"]
[Black "Mondrzycki, Bartlomiej"]
[Result "1-0"]
[WhiteTitle "I++"]
[BlackTitle "I"]
[WhiteElo "2123"]
[BlackElo "2048"]

1. e4 c5 2. Nf3 Nc6 3. d4 cxd4 4. Nxd4 Nf6 5. Nc3 d6 6. Bg5 Bd7 7. Be2 Qa5 8. Bxf6
gxf6 9. O-O Rg8 10. g3 Nxd4 11. Qxd4 Rc8 12. Nd5 Qc5 13. Qd3 Qxc2 14. Qe3 Qc5
15. Qb3 Bg7 16. Qxb7 Qc6 17. Qxa7 e6 18. Nb6 Ke7 19. Rac1 Ra8 20. Nxa8 Rxa8 21.
Qd4 Ra4 22. Bc4 Bh6 23. Rc2 f5 24. b3 Ra5 25. e5 dxe5 26. Qh4+ 1-0

[Event "Druzynowe Mistrzostwa Polski Juniorow - Ekstraliga"]
[Site "Osrodek Wczasowo - Szkoleniowy "Relax" ul. Stroma 20, 43-450 Ustron"]
[Date "2011-06-28"]
[Round "5.15"]
[White "Piotrowski, Przemyslaw"]
[Black "Koitka, Jakub"]
[Result "0-1"]
[WhiteTitle "II+"]
[BlackTitle "I"]
[WhiteElo "1953"]
[BlackElo "1920"]

1. e4 e5 2. Nf3 Nc6 3. Bb5 a6 4. Ba4 Nf6 5. O-O Be7 6. Re1 b5 7. Bb3 d6 8. a4 Bb7
9. d3 O-O 10. Nbd2 Na5 11. Ba2 c5 12. c3 Nc6 13. Nf1 Rb8 14. Ne3 Bc8 15. h3 Qc7
16. g4 Be6 17. Nf5 Rbd8 18. Qe2 Rfe8 19. Bg5 Bxf5 20. Bxf6 Be6 21. Bxe7 Nxe7 22.
Nh4 Ng6 23. Ng2 Qe7 24. Qf3 Nh4 25. Qg3 Nxg2 26. Kxg2 Bxa2 27. Rxa2 Qe6 28. Rea1
b4 29. c4 a5 30. b3 g5 31. Rh1 Kg7 32. h4 h6 33. hxg5 hxg5 34. Rh5 Qg6 35. Qe3
f6 36. Ra1 Rh8 37. Rah1 Rxh5 38. gxh5 Qf7 39. h6+ Kh7 40. Qh3 Qd7 41. Kg3 g4 42.
Qh5 Rg8 43. Kg2 Rg5 44. Qh4 Rg6 45. Kf1 Qf7 46. Kg2 Qf8 47. Kg3 f5 48. exf5 Qxf5
49. Qe7+ Kh8 50. Qd8+ Rg8 51. Qh4 Rf8 52. Rf1 Qxd3+ 53. Kg2 Qxb3 54. Rh1 Qf3+
55. Kg1 g3 0-1

[Event "Druzynowe Mistrzostwa Polski Juniorow - Ekstraliga"]
[Site "Osrodek Wczasowo - Szkoleniowy "Relax" ul. Stroma 20, 43-450 Ustron"]
[Date "2011-06-28"]
[Round "5.16"]
[White "Delekta, Filip"]
[Black "Gajdamowicz, Patrick"]
[Result "1/2-1/2"]
[WhiteTitle "II+"]
[BlackTitle "I"]
[WhiteElo "1848"]
[BlackElo "1869"]

1. e4 e5 2. Nf3 Nc6 3. Bb5 a6 4. Ba4 Nf6 5. O-O b5 6. Bb3 Bc5 7. Re1 d6 8. c3 Bg4
9. h3 Bh5 10. d3 O-O 11. Bg5 Rb8 12. g4 Bg6 13. h4 h6 14. h5 Bh7 15. Bh4 Qd7 16.
Nh2 Ne8 17. Qd2 b4 18. Ba4 bxc3 19. bxc3 Rb6 20. a3 Qe6 21. Bg3 d5 22. Bxc6 Rxc6
23. exd5 Qxd5 24. Rxe5 Qxd3 25. Qxd3 Bxd3 26. Nd2 Bd6 27. Re3 Bxg3 28. Rxd3 Be5
29. Nhf3 Bf6 30. Ne4 Rc4 31. Nfd2 Rc6 32. Rb1 Nd6 33. Nxf6+ gxf6 34. a4 Nc4 35.
Nxc4 Rxc4 36. Rb4 Rxb4 37. cxb4 Rb8 38. Rd4 Kf8 39. Kg2 Ke7 40. Kf3 c6 41. Ke4
a5 42. bxa5 Ra8 43. Rc4 Rxa5 44. Rxc6 Rxa4+ 45. Kf3 Ra8 1/2-1/2

[Event "Druzynowe Mistrzostwa Polski Juniorow - Ekstraliga"]
[Site "Osrodek Wczasowo - Szkoleniowy "Relax" ul. Stroma 20, 43-450 Ustron"]
[Date "2011-06-28"]
[Round "5.17"]
[White "Chenska, Karolina"]
[Black "Wisniowska, Klaudia"]
[Result "0-1"]
[WhiteTitle "I"]
[BlackTitle "k"]
[WhiteElo "1662"]
[BlackElo "2022"]

1. e4 d6 2. d4 Nf6 3. Nc3 g6 4. f4 Bg7 5. Nf3 O-O 6. Bd3 Na6 7. a3 c5 8. dxc5 Nxc5
9. O-O Nxd3 10. cxd3 Bg4 11. Be3 d5 12. Qa4 dxe4 13. dxe4 Bd7 14. Qc2 Ng4 15.
Bd2 Qb6+ 16. Kh1 Nf2+ 17. Kg1 Nxe4+ 18. Kh1 Nf2+ 19. Kg1 Bf5 20. Qa4 Ne4+ 21.
Kh1 Nxd2 22. Nxd2 Qxb2 23. Nce4 Rfd8 24. Qa5 b6 25. Qa6 Rxd2 26. Nxd2 Qxd2 27.
Qb7 Re8 28. Rad1 Qa5 29. Qc7 Qxa3 0-1

[Event "Druzynowe Mistrzostwa Polski Juniorow - Ekstraliga"]
[Site "Osrodek Wczasowo - Szkoleniowy "Relax" ul. Stroma 20, 43-450 Ustron"]
[Date "2011-06-28"]
[Round "5.18"]
[White "Gora, Antonina"]
[Black "Lachowicz, Judyta"]
[Result "0-1"]
[WhiteTitle "II+"]
[BlackTitle "I"]
[WhiteElo "1667"]
[BlackElo "1695"]

1. e4 e5 2. Nf3 Nc6 3. Bc4 Nf6 4. d4 exd4 5. e5 d5 6. Bb5 Ne4 7. Nxd4 Bc5 8. O-O
O-O 9. Nxc6 bxc6 10. Bxc6 Ba6 11. Qxd5 Bxf1 12. Qxe4 Ba6 13. Nc3 Rb8 14. Qg4 Qd4
15. Qg3 Kh8 16. a3 Qc4 17. Bf4 Bxf2+ 18. Qxf2 Qxc6 19. Bc1 f6 20. Qxa7 fxe5 21.
Bg5 Rxb2 22. Be7 Rxc2 0-1

[Event "Druzynowe Mistrzostwa Polski Juniorow - Ekstraliga"]
[Site "Osrodek Wczasowo - Szkoleniowy "Relax" ul. Stroma 20, 43-450 Ustron"]
[Date "2011-06-28"]
[Round "5.19"]
[White "Klepaczka, Tomasz"]
[Black "Sadzikowski, Daniel"]
[Result "0-1"]
[WhiteTitle "I++"]
[BlackTitle "FM"]
[WhiteElo "2119"]
[BlackElo "2374"]

1. e4 c5 2. Nc3 e6 3. Nge2 Nc6 4. g3 Nf6 5. Bg2 Be7 6. d4 cxd4 7. Nxd4 O-O 8. O-O
d6 9. Re1 Bd7 10. Bg5 Qb8 11. Nxc6 Bxc6 12. f4 Qc7 13. Kh1 Rfd8 14. f5 Kh8 15.
Qe2 Re8 16. Bf4 e5 17. Be3 b5 18. a3 a5 19. Nd5 Nxd5 20. exd5 Bd7 21. Be4 b4 22.
f6 Bxf6 23. Rf1 Qd8 24. axb4 a4 25. b3 Kg8 26. b5 axb3 27. cxb3 Qb8 28. Rxa8 Qxa8
29. Qh5 Kf8 30. g4 Bxb5 31. Re1 h6 32. Bxh6 gxh6 33. Qxh6+ Bg7 34. Qxd6+ Kg8 35.
Rc1 Rc8 36. Rb1 Qa7 37. g5 Qe3 38. Bg2 Rc1+ 0-1

[Event "Druzynowe Mistrzostwa Polski Juniorow - Ekstraliga"]
[Site "Osrodek Wczasowo - Szkoleniowy "Relax" ul. Stroma 20, 43-450 Ustron"]
[Date "2011-06-28"]
[Round "5.20"]
[White "Lewicki, Miroslaw"]
[Black "Budzinski, Jan"]
[Result "1-0"]
[WhiteTitle "CM"]
[BlackTitle "I"]
[WhiteElo "2196"]
[BlackElo "1960"]

1. e4 e5 2. Nf3 Nc6 3. Bb5 a6 4. Ba4 Nf6 5. O-O Nxe4 6. d4 b5 7. Bb3 d5 8. dxe5
Be6 9. c3 Bc5 10. Nbd2 Nxf2 11. Rxf2 O-O 12. Nf1 Bxf2+ 13. Kxf2 f5 14. exf6 Qxf6
15. Be3 Ne5 16. Bd4 Qh4+ 17. Kg1 Nxf3+ 18. gxf3 Rf5 19. Ng3 Rg5 20. Qe2 Re8 21.
Qf2 Rf8 22. Re1 Qh3 23. Bc5 Rf7 24. Qg2 h5 25. Qxh3 Bxh3 26. Be7 Rxe7 27. Rxe7
Kf8 28. Rxc7 h4 29. Kf2 hxg3+ 30. hxg3 Be6 31. Rc6 Ke7 32. Rxa6 Rh5 33. Ra7+ Kf6
34. Kg1 Re5 35. Kf2 Rh5 36. Rb7 Rh2+ 37. Ke3 Rxb2 38. Rxb5 g5 39. g4 Rb1 40. Bc4
Re1+ 41. Kd2 Ra1 42. Bxd5 Bxd5 43. Rxd5 Rxa2+ 44. Kd3 Ra3 45. Rf5+ Kg6 46. Kd4
Ra8 47. c4 Rd8+ 48. Kc3 1-0

[Event "Druzynowe Mistrzostwa Polski Juniorow - Ekstraliga"]
[Site "Osrodek Wczasowo - Szkoleniowy "Relax" ul. Stroma 20, 43-450 Ustron"]
[Date "2011-06-28"]
[Round "5.21"]
[White "Osinski, Emil"]
[Black "Ulanowski, Karol"]
[Result "0-1"]
[WhiteTitle "II"]
[BlackTitle "I"]
[WhiteElo "1685"]
[BlackElo "1949"]

1. d4 Nf6 2. c4 g6 3. Nc3 Bg7 4. g3 d6 5. Bg2 O-O 6. Nf3 Nbd7 7. O-O c6 8. e4 e5
9. d5 Qe7 10. Rb1 a5 11. a3 Nc5 12. Qc2 Nfxe4 13. Nxe4 Nxe4 14. dxc6 bxc6 15.
Nxe5 Qxe5 16. Bxe4 d5 17. Bd3 Re8 18. Bf4 Qf6 19. b3 Bh3 20. Rfd1 g5 21. Bc7 Ra7
22. Bb6 Rae7 23. Bxa5 Qf3 24. Bf1 Re2 25. Qxe2 Rxe2 26. Bb6 d4 0-1

[Event "Druzynowe Mistrzostwa Polski Juniorow - Ekstraliga"]
[Site "Osrodek Wczasowo - Szkoleniowy "Relax" ul. Stroma 20, 43-450 Ustron"]
[Date "2011-06-28"]
[Round "5.23"]
[White "Tarnowska, Aleksandra"]
[Black "Chrzaszcz, Malvina"]
[Result "1/2-1/2"]
[WhiteTitle "I"]
[BlackTitle "k"]
[WhiteElo "1814"]
[BlackElo "2046"]

1. f4 d5 2. Nf3 Nf6 3. g3 g6 4. d3 Bg7 5. Bg2 O-O 6. O-O c5 7. c3 Nc6 8. Qe1 b6
9. h3 Bb7 10. g4 e6 11. Nbd2 Rc8 12. e4 dxe4 13. dxe4 Ba6 14. Rf2 Bd3 15. Qe3
Ne8 16. Ne1 Ba6 17. b3 Nc7 18. Rb1 Qe7 19. Bb2 Rcd8 20. Qg3 Rd7 21. e5 Rfd8 22.
Ne4 Rd1 23. Rxd1 Rxd1 24. Rd2 Rxd2 25. Nxd2 Qd7 26. Qf2 Nd5 27. Ne4 f5 28. gxf5
gxf5 29. Ng3 Qf7 30. c4 Nde7 31. Nf3 h6 32. Qd2 Ng6 33. h4 Qe7 34. h5 Nf8 35.
Ne2 Qd7 36. Qxd7 Nxd7 37. Ne1 Ne7 38. Nc3 Nb8 39. Nc2 Nbc6 40. Ne2 Bb7 41. Kf2
1/2-1/2

[Event "Druzynowe Mistrzostwa Polski Juniorow - Ekstraliga"]
[Site "Osrodek Wczasowo - Szkoleniowy "Relax" ul. Stroma 20, 43-450 Ustron"]
[Date "2011-06-28"]
[Round "5.24"]
[White "Kasperek, Kinga"]
[Black "Szymczak, Paula"]
[Result "0-1"]
[WhiteTitle "II+"]
[BlackTitle "I"]
[WhiteElo "1493"]
[BlackElo "1705"]

1. c4 e5 2. Nc3 d6 3. g3 f5 4. Bg2 Nf6 5. d3 Be7 6. Nf3 O-O 7. O-O c6 8. Bg5 h6
9. Bd2 Be6 10. a3 Qe8 11. b4 Nh5 12. Rc1 f4 13. Ne4 Nd7 14. Kh1 Qg6 15. Bc3 Rad8
16. Bb2 Bg4 17. Qb3 Kh7 18. a4 Qf5 19. b5 Bh3 20. Ba3 Bxg2+ 21. Kxg2 c5 22. a5
Ndf6 23. Qc2 Nxe4 24. dxe4 Qg6 25. Bb2 fxg3 26. fxg3 Bg5 27. Rcd1 Be7 28. e3 Rf7
29. Rd2 Rdf8 30. Rdf2 Kg8 31. Qd3 Qg4 32. Qd5 Nf6 33. Qd3 Nxe4 0-1

[Event "Druzynowe Mistrzostwa Polski Juniorow - Ekstraliga"]
[Site "Osrodek Wczasowo - Szkoleniowy "Relax" ul. Stroma 20, 43-450 Ustron"]
[Date "2011-06-28"]
[Round "5.25"]
[White "Matuszewski, Michal"]
[Black "Lapaj, Mateusz"]
[Result "1-0"]
[WhiteTitle "m"]
[BlackTitle "I+"]
[WhiteElo "2319"]
[BlackElo "2021"]

1. d4 Nf6 2. c4 g6 3. Nc3 d6 4. e4 Bg7 5. Be2 O-O 6. Nf3 e5 7. Be3 Ng4 8. Bg5 f6
9. Bc1 exd4 10. Nxd4 f5 11. h3 Nh6 12. Bxh6 Bxh6 13. exf5 Bxf5 14. Nxf5 Rxf5 15.
O-O Nc6 16. Bg4 Rf8 17. c5 Kh8 18. Qb3 Ne5 19. Be2 b6 20. cxd6 Qxd6 21. Rad1 Qc5
22. Qa4 Rf4 23. Ne4 Qc6 24. Qxc6 Nxc6 25. f3 Bg7 26. Rd7 Nd4 27. Bc4 c6 28. Rd1
b5 29. Bf1 Nc2 30. R1d2 Ne3 31. Be2 Raf8 32. Ng5 Re8 33. g3 Ra4 34. b3 Ra5 35.
Rd8 Rf8 36. Ne6 Kg8 37. Nxf8 Bxf8 38. Rb8 1-0

[Event "Druzynowe Mistrzostwa Polski Juniorow - Ekstraliga"]
[Site "Osrodek Wczasowo - Szkoleniowy "Relax" ul. Stroma 20, 43-450 Ustron"]
[Date "2011-06-28"]
[Round "5.26"]
[White "Szolc, Grzegorz"]
[Black "Matuszczyk, Przemyslaw"]
[Result "0-1"]
[WhiteTitle "II"]
[BlackTitle "I++"]
[WhiteElo "1733"]
[BlackElo "2032"]

1. e4 c5 2. Nf3 d6 3. c3 Nf6 4. Be2 Nbd7 5. Qc2 Qc7 6. O-O b6 7. d4 cxd4 8. Nxd4
a6 9. Be3 g6 10. f4 Bg7 11. Nd2 O-O 12. Bf3 Bb7 13. Rae1 Nc5 14. N4b3 Nfd7 15.
Nxc5 Nxc5 16. Nb3 Nd7 17. Qf2 b5 18. h4 h5 19. Qg3 Kh7 20. Nd4 Nc5 21. Bf2 e5
22. fxe5 dxe5 23. Nb3 Nd3 24. Re2 Nxf2 25. Qxf2 Bh6 26. Qc5 Rac8 27. Qxc7 Rxc7
28. Rd1 Kg7 29. Na5 Bc8 30. Rd6 f6 31. Re1 Rff7 32. Kf2 Rfd7 33. Red1 Rxd6 34.
Rxd6 Bc1 35. b3 Rxc3 36. Rc6 Be3+ 37. Ke2 Rxc6 38. Nxc6 Bc5 39. Kd3 Bf2 40. a3
Bxh4 41. Ne7 Be6 42. b4 Kf7 43. Nc6 Bc8 44. Bd1 Bg5 45. Bb3+ Ke8 46. a4 Bd7 47.
axb5 axb5 48. Nb8 Bc8 49. Bd5 Kd8 50. Nc6+ Kd7 51. Na7 Ba6 52. Bf7 Kc7 53. Be8
Bh6 54. Kc3 Kb6 55. Nc6 Bb7 56. Nb8 Kc7 57. Nd7 Kd8 58. Nxf6 Bg7 59. Nxh5 gxh5
60. Bxh5 Bxe4 61. Be2 Bc6 62. g4 Bh6 63. Kd3 Ke7 0-1